ბათუმის შოთა რუსთაველის სახელმწიფო უნივერსიტეტის ბიბლიოთეკა

დოკუმენტები საქართველოს ეკონომიური ისტორიისათვის : (ბიბ.ჩანაწერი № 37989)

000 -ლიდერი
ფიქსირებული სიგრძის საკონტროლო ველი 01279nam a2200229Ia 4500
001 - საკონტროლო ნომერი
საკონტროლო ველი 3973
003 - საკონტროლო ნომრის იდენტიფიკატორი
საკონტროლო ველი GE_BSU
005 - ბოლო ოპერაციის თარიღი და დრო
საკონტროლო ველი 20190902170743.0
008 - ფიქსირებული სიგრძის მონაცემთა ელემენტები - ზოგადი ინფორმაცია
ფიქსირებული სიგრძის საკონტროლო ველი 181216s1967||||ge |||||||||||||| ||geo||
040 ## - კატალოგიზაციის წყარო
Transcribing agency GE_BSU
041 ## - ენის კოდი
Language code of text/sound track or separate title geo
080 ## - უნივერსალური ათობითი კლასიფიკაციის ინდექსი
Universal Decimal Classification number 33(479.22)(091) უ–90
100 ## - მთავარი ჩანაწერი - პიროვნების სახელი
Personal name უჩანეიშვილი, დოროთე
9 (RLIN) 3869
245 ## - ცნობა სათაურის შესახებ
Title დოკუმენტები საქართველოს ეკონომიური ისტორიისათვის :
Remainder of title XVII-XIX სს. /
Statement of responsibility, etc რედ. მ. დუმბაძე; ივ. ჯავახიშვილის სახ. ისტორიის, არქეოლ. და ეთნოგრაფიის ინ-ტი.
264 ## - წარმოების, გამოცემის, დისტრიბუციის და სხვა ცნობები
გამოცემის, წარმოების, დისტრიბუციის... ადგილი თბ. :
გამოცემის, წარმოების, დისტრიბუციის... სახელწოდება მეცნიერება,
გამოცემის, წარმოების, დისტრიბუციის... თარიღი 1967.
300 ## - ფიზიკური აღწერა
Extent 236 გვ. ;
Other physical details 22 სმ.
653 ## - INDEX TERM--UNCONTROLLED
Uncontrolled term ქართული ხელნაწერები
653 ## - INDEX TERM--UNCONTROLLED
Uncontrolled term საქართველოს ეკონომიკის ისტორია
700 ## - ADDED ENTRY--PERSONAL NAME
Personal name დუმბაძე, მ.
Relator term რედაქტორი
9 (RLIN) 1562
710 ## - ADDED ENTRY--CORPORATE NAME
Corporate name or jurisdiction name as entry element ივ. ჯავახიშვილის სახ. ისტორიის, არქეოლ. და ეთნოგრაფიის ინ-ტი.
9 (RLIN) 3870
942 ## - ADDED ENTRY ELEMENTS (KOHA)
Koha item type წიგნი
Source of classification or shelving scheme
ეგზემპლარები
ჩამოწერის სტატუსი დაკარგული ეგზემპლარის სტატუსი კლასიფიკაციის წყარო ან თაროზე გაწყობის სქემა დაზიანების სტატუსი არ გაიცემა მუდმივი მდებარეობა (დაცვის ადგილი) ამჟამინდელი ადგილსამყოფელი თაროზე განთავსების ადგილი შეძენის თარიღი ღირებულება, შესყიდვის ნორმალური ფასი სრული შენახვის შიფრი შტრიხკოდი ბოლო ოპერაციის თარიღი ეგზემპლარის მიმდევრობითი ნომერი (კეტერი?) ფასის ძალაში შესვლის თარიღი ეგზემპლარის სახეობა საჯარო შენიშვნა
          ბათუმის შოთა რუსთაველის სახელმწიფო უნივერსიტეტის მთავარი ბიბლიოთეკა ბათუმის შოთა რუსთაველის სახელმწიფო უნივერსიტეტის მთავარი ბიბლიოთეკა წიგნსაცავი 2018-12-17 1.00 33(479.22)(091) უ–90 5568 2018-12-17 5568 2018-12-17 წიგნი 1 ლ.